| 000 | 00822cab a2200253 4500 | ||
|---|---|---|---|
| 001 | WB2928-54 | ||
| 008 | 090401t1993 xxu||||| |||| 00| 0 eng d | ||
| 035 | _a(Sirsi) u2599 | ||
| 041 | _aeng | ||
| 245 | _aUK faces defeat over VAT rule | ||
| 260 | _c1993 | ||
| 350 | _a0 | ||
| 490 |
_aIndependent on Sunday _v18 July 1993, B3(1) |
||
| 520 | _aThe Government may have to repay millions of pounds in tax if European Court finds in favour of Lubbock Fine over VAT charged on surrender of a commercial property lease. (VAT Tribunal decision 1993 VATTR 480) | ||
| 650 | _aEC LAW | ||
| 650 | _aEUROPEAN COURT | ||
| 650 | _aLEASE SURRENDER | ||
| 650 | _aLEASES | ||
| 650 | _aLUBBOCK FINES V CUSTOMS & EXCISE COMMISSIONERS | ||
| 650 | _aVALUE ADDED TAX | ||
| 690 | _aTAXATION | ||
| 942 | _n0 | ||
| 948 | _c04/03/1997 | ||
| 999 |
_c1568 _d1568 |
||